| 000 | 00459nam a22001817a 4500 | ||
|---|---|---|---|
| 003 | CEME | ||
| 005 | 20210628204046.0 | ||
| 008 | 210107b xxu||||| |||| 00| 0 eng d | ||
| 020 | _a9788181479648 | ||
| 040 | _cceme | ||
| 082 | _a005.276 LYN | ||
| 100 |
_aLynch, Nancy.A _968504 |
||
| 245 | _aDistributed algorithms | ||
| 260 |
_aINDIA _bELSEVIER _c2011 |
||
| 300 | _aXXIII, 872P | ||
| 650 |
_aDISTRIBUTED ALGORITHMS.ALGORITHMS _968505 |
||
| 942 |
_cBK _2ddc |
||
| 999 |
_c576067 _d576067 |
||